[Event "RUS-ch Blitz Women 2021"]
[Site "Sochi"]
[Date "2021.10.11"]
[Round "13.5"]
[White "Paramzina, Anastasya"]
[Black "Charochkina, Daria"]
[Result "1-0"]
[WhiteElo "2260"]
[BlackElo "2327"]
[Annotator "NA"]
[PlyCount "87"]
[EventDate "2021.10.11"]
[EventType "blitz"]
[EventCountry "RUS"]
[SourceTitle "playchess.com"]
[Source "ChessBase"]
[SourceQuality "1"]

1. e4 d5 2. exd5 Qxd5 3. Nc3 Qd6 4. Nf3 g6 5. b3 Bg7 6. Bb2 Nf6 7. Be2 c6 8.
O-O O-O 9. Qc1 Qc7 10. d3 Nbd7 11. Ne4 Re8 12. Re1 e5 13. Bf1 Nd5 14. c4 Nf4
15. g3 Ne6 16. Qd2 f5 17. Neg5 Nxg5 18. Nxg5 Nf6 19. h4 Bd7 20. d4 e4 21. d5
cxd5 22. cxd5 Qd6 23. a4 Ng4 24. Ba3 Qb6 25. Rac1 Bd4 26. d6 Nxf2 27. Bc4+ Kg7
28. Kf1 e3 29. Qe2 Rac8 30. Bb2 Re5 31. a5 Qc6 32. Nf3 Bxb2 33. Qxb2 Qxf3 34.
Qxe5+ Kh6 35. Qxe3+ Qxe3 36. Rxe3 Ne4 37. Rd1 b5 38. axb6 axb6 39. Bd3 Nf6 40.
Re7 Rc3 41. Kf2 Bc6 42. Rc7 Nd5 43. d7 Nxc7 44. d8=Q 1-0

[Event "RUS-ch Blitz Women 2021"]
[Site "Sochi"]
[Date "2021.10.11"]
[Round "13.6"]
[White "Murashova, Ekaterina"]
[Black "Fominykh, Maria"]
[Result "1-0"]
[WhiteElo "2213"]
[BlackElo "2206"]
[Annotator "NA"]
[PlyCount "95"]
[EventDate "2021.10.11"]
[EventType "blitz"]
[EventCountry "RUS"]
[SourceTitle "playchess.com"]
[Source "ChessBase"]
[SourceQuality "1"]

1. e4 d6 2. d4 Nf6 3. f3 e5 4. dxe5 dxe5 5. Qxd8+ Kxd8 6. Bc4 Be6 7. Bxe6 fxe6
8. Nd2 Nbd7 9. b3 a5 10. a4 Bb4 11. Bb2 Ne8 12. O-O-O Nd6 13. Nh3 Ke7 14. Nf2
Nf7 15. Nc4 Rhd8 16. Nd3 Bd6 17. Rd2 Nb8 18. Ndxe5 Nxe5 19. Nxe5 Na6 20. Rhd1
g6 21. Kb1 Bb4 22. Rxd8 Rxd8 23. Rxd8 Kxd8 24. Nd3 Be7 25. f4 b6 26. Kc1 Nb8
27. Ne5 Ke8 28. Kd2 Bc5 29. Nd3 Be7 30. Ne5 Bc5 31. g4 Bg1 32. Nf3 Bc5 33. Ng5
Bg1 34. Nxe6 Bxh2 35. Nxc7+ Kd7 36. Nd5 Kc6 37. Ke3 Bg3 38. Bc3 Nd7 39. Kf3 Bh4
40. g5 Nc5 41. Bd4 b5 42. Ne7+ Kd6 43. e5+ Kxe7 44. Bxc5+ Ke6 45. axb5 Kd5 46.
Bf2 Bxf2 47. Kxf2 Kc5 48. c4 1-0